Le bon prénom 9 (click quiz) - Statistiques

Statistiques générales
  • Ce quiz a été pris 83 fois
  • Le résultat moyen est 6 sur 8
Statistiques - réponses
Hint Réponse % Correct
Foresti Flagrance
95%
Ségara Haleine
84%
Hardy Framboise
78%
Fabian Lama
75%
Astaire Fraude
70%
Mittenaere Varice
58%
Pailhas Gélatine
55%
De la Fressange Herpès
45%
Aucun quiz correspondant
Distribution des résultats
% des personnes avec chaque résultat
Percentile par nombre de réponses
Votre historique - résultats
Vous n’avez pas pris ce quiz